The school for scandal /

Bibliographic Details
Main Author: Sheridan, Richard Brinsley, 1751-1816
Corporate Authors: Caedmon Records, Tennent Production Company
Other Authors: Gielgud, John, 1904-2000
Format: Cassette Audio Book
Language:English
Published: N.Y., N.Y. : Caedmon, [1973]

MARC

Tag First Indicator Second Indicator Subfields
LEADER 00000cim a2200000 a 4500
001 in00000089885
005 20151008063540.0
007 ss lunjlc---u
008 780126s1973 nyu nn z d 0 eng d
035 |a (OCoLC)03582126 
035 |9 AAK2466AM 
040 |a ZEM  |c ZEM  |d m.c.  |d TXA  |d UtOrBLW 
049 |a TXAV 
090 |a PR3682  |b .S3 1973 
100 1 |a Sheridan, Richard Brinsley,  |d 1751-1816. 
245 1 4 |a The school for scandal /  |c Richard Brinsley Sheridan. 
264 1 |a N.Y., N.Y. :  |b Caedmon,  |c [1973] 
264 4 |c ©1973 
300 |a 3 sound cassettes (133 min.) :  |b 1 7/8 ips. 
306 |a 021327 
336 |a spoken word  |b spw  |2 rdacontent 
337 |a audio  |b s  |2 rdamedia 
338 |a audiocassette  |b ss  |2 rdacarrier 
500 |a Caedmon: CDL 5305. 
500 |a "The Command Records production presented by the Theatre Recording society." 
500 |a Directed by John Gielgud. 
500 |a Program notes in container. 
500 |a "This cassette is playable on stereo or monaural equipment." 
511 0 |a Tennent Production Company starring Ralph Richardson, John Gielgud, Geraldine McEwan, Gwen Ffrangcon-Davies, Muriel Forbes, Laurence Naismith, Malcolm Keen, Richard Easton. 
500 |a Sound recording. 
700 1 |a Gielgud, John,  |d 1904-2000. 
710 2 |a Caedmon Records. 
710 2 |a Tennent Production Company. 
999 |a MARS 
999 f f |s 79758004-f894-3945-a11c-7926ca08d20e  |i 9f11a2eb-4317-3bdf-9de5-7b251dc88935  |t 0 
952 f f |p ric  |a Texas A&M University  |b Rellis Campus  |c Joint Library Facility  |d Remote Storage  |t 0  |e PR3682 .S3 1973  |h Library of Congress classification  |i audio -- audiocassette  |m A14806058058 
998 f f |a PR3682 .S3 1973  |t 0  |l Remote Storage